000 00452nam a22001817a 4500
999 _c68524
_d68524
003 NUST - PNEC
005 20170510202849.0
008 150930b xxu||||| |||| 00| 0 eng d
020 _a0195778294
040 _cLIBRARY
082 _a954.91 AHS
100 _912034
_aAhsan, Aitzaz
245 _aThe Indus saga and the making of Pakistan
_cAitzaz Ahsan
250 _a-
260 _cc.1999
650 _912035
_aPakistan
_xGeneral
942 _2ddc
_cBK